<?xml version="1.0" encoding="UTF-8"?>
<record
    xmlns:xsi="http://www.w3.org/2001/XMLSchema-instance"
    xsi:schemaLocation="http://www.loc.gov/MARC21/slim http://www.loc.gov/standards/marcxml/schema/MARC21slim.xsd"
    xmlns="http://www.loc.gov/MARC21/slim">

  <leader>03062    a2200241   4500</leader>
  <controlfield tag="001">45487</controlfield>
  <controlfield tag="005">20260407155727.0</controlfield>
  <controlfield tag="008">260407a2009    arg                 spa d</controlfield>
  <controlfield tag="003">AR-UNSa-BCEJYS</controlfield>
  <datafield tag="040" ind1=" " ind2=" ">
    <subfield code="a">AR-UNSa-BCEJYS</subfield>
    <subfield code="b">spa</subfield>
    <subfield code="c">AR-UNSa-BCEJYS</subfield>
  </datafield>
  <datafield tag="080" ind1=" " ind2=" ">
    <subfield code="a">338.124</subfield>
    <subfield code="x">Retroceso de la actividad econ&#xF3;mica. Contracci&#xF3;n econ&#xF3;mica (Pobreza...)</subfield>
  </datafield>
  <datafield tag="245" ind1="1" ind2="0">
    <subfield code="a">Geograf&#xED;a de la pobreza en el norte grande argentino</subfield>
  </datafield>
  <datafield tag="020" ind1=" " ind2=" ">
    <subfield code="a">978-987-05-7010-3</subfield>
  </datafield>
  <datafield tag="264" ind1=" " ind2="1">
    <subfield code="a">Tucum&#xE1;n :</subfield>
    <subfield code="b">Instituto de Investigaciones Geohist&#xF3;ricas CONICET</subfield>
    <subfield code="c">2009</subfield>
  </datafield>
  <datafield tag="300" ind1=" " ind2=" ">
    <subfield code="a">294 p.</subfield>
    <subfield code="c">28 cm.</subfield>
  </datafield>
  <datafield tag="505" ind1=" " ind2=" ">
    <subfield code="a">Cap&#xED;tulo I : Objetivos y m&#xE9;todos : A. Objetivos generales y espec&#xED;ficos. Campo conceptual y metodol&#xF3;gico / Alfredo Bolsi, Horacio Madariaga, Norma Meichtry y Pablo Paolasso &#x2013; B. La pobreza seg&#xFA;n otros indicadores. Posibilidades y problemas / Alejandra Fant&#xED;n, Horacio Madariaga, Norma Meichtry y Pablo Paolasso &#x2013; C. Sobre los conceptos de pobreza y subdesarrollo en el pensamiento econ&#xF3;mico moderno. La pobreza en la teor&#xED;a econ&#xF3;mica tradicional / Hugo Ferullo - - Cap&#xED;tulo II : N&#xFA;cleos duros, &#xED;ndices vitales y escenarios : A. Incidencia, intensidad y &#x201C; n&#xFA;cleos duros &#x201C; de la pobreza en el norte grande Argentino / Alfredo Bolsi, Claudia Hern&#xE1;ndez, Horacio Madariaga y Pablo Paolasso &#x2013; B. El comportamiento de los &#xED;ndices vitales durante la d&#xE9;cada de 1990 / Alejandra Fant&#xED;n, Fernando Longhi y Patricia Ortiz de D&#xB4;Arterio &#x2013; C. Algunos escenarios de la pobreza de un territorio fraccionado / Alfredo Bolsi, Alejandro Fnta&#xED;n, Norma Meichtry, Pablo Paolasso y Viviana P&#xE9;rez - - Capitulo III : El territorio : A. &#xC1;mbitos regional. Interrogantes y conjeturas. El territorio del norte grande Argentino como contexto de la pobreza  / Alfredo Bolsi, Fernando Longhi, Norma Meichtry y Pablo Paolasso - - Cap&#xED;tulo IV : Caracteres de la pobreza seg&#xFA;n sus niveles : A. Atributos de los hogares y de la poblaci&#xF3;n del norte seg&#xFA;n los niveles de pobreza / Alfredo Bolsi y Horacio Madariaga con la colaboraci&#xF3;n de Viviana P&#xE9;rez &#x2013; B. Natalidad y mortalidad seg&#xFA;n los niveles de pobreza en el norte grande Argentino / Alejandra Fant&#xED;n, Fernando Longhi y Patricia Ortiz de D&#xB4;Arterio - - Cap&#xED;tulo V : Mundo agrario y pobreza : A. Mundo agrario y pobreza / Alfredo Bolsi, Pablo Paolasso y Ana Rivas - - Cap&#xED;tulo VI : Las ciudades y sus pobres : A. La pobreza en los aglomerados urbanos del norte grande Argentino / Alfredo Bolsi y Marcelo Mignone &#x2013; B. Las condiciones de la pobreza en las localidades intermedias / Pablo Paolasso y Mat&#xED;as Toni &#x2013; C. Notas sobre la pobreza urbana del norte a partir de las encuestas permanentes de hogares / Alfredo Bolsi &#x2013; D. Migraciones intraprovinciales y pobreza en las capitales del norte grande Argentino entre 1995 y 2002 / Pablo Paolasso y Viviana P&#xE9;rez.  </subfield>
  </datafield>
  <datafield tag="041" ind1=" " ind2=" ">
    <subfield code="a">spa</subfield>
  </datafield>
  <datafield tag="942" ind1=" " ind2=" ">
    <subfield code="c">BK</subfield>
  </datafield>
  <datafield tag="590" ind1=" " ind2=" ">
    <subfield code="a">niveau_biblio:m niveau_hierar:0</subfield>
  </datafield>
  <datafield tag="100" ind1="1" ind2=" ">
    <subfield code="a">Paolasso, Pablo</subfield>
  </datafield>
  <datafield tag="700" ind1="1" ind2=" ">
    <subfield code="a">Bolsi, Alfredo S.C.</subfield>
  </datafield>
  <datafield tag="856" ind1="4" ind2="1">
    <subfield code="u">https://www.biblioeco.unsa.edu.ar/pmb/images/libros/L127119</subfield>
    <subfield code="y">Imagen de portada</subfield>
    <subfield code="q">image/jpeg</subfield>
  </datafield>
  <datafield tag="999" ind1=" " ind2=" ">
    <subfield code="c">3940</subfield>
    <subfield code="d">3940</subfield>
  </datafield>
  <datafield tag="952" ind1=" " ind2=" ">
    <subfield code="0">0</subfield>
    <subfield code="1">0</subfield>
    <subfield code="4">0</subfield>
    <subfield code="7">0</subfield>
    <subfield code="a">BCEJYS</subfield>
    <subfield code="b">BCEJYS</subfield>
    <subfield code="c">16</subfield>
    <subfield code="d">2026-04-07</subfield>
    <subfield code="l">0</subfield>
    <subfield code="o">338.124 B687</subfield>
    <subfield code="p">L127119</subfield>
    <subfield code="r">2026-04-07 15:57:27</subfield>
    <subfield code="w">2026-04-07</subfield>
    <subfield code="y">L</subfield>
  </datafield>
</record>
